000
00286nam a22001217a 4500
008
180924b xxu||||| |||| 00| 0 eng d
041
_a
eng
080
_a
371
100
_a
25
101
_a
EDU
245
_a
The Merriam-Webster New Book of Word Histories
_c
Webster, M
942
_2
udc
_c
BK
999
_c
48400
_d
48400